书目信息 |
| 题名: |
实用电工与电子技术问答
|
|
| 作者: | 许宝发 主编 | |
| 分册: | ||
| 出版信息: | 上海 上海科学技术出版社 2004.5 |
|
| 页数: | 420页 | |
| 开本: | 19cm | |
| 丛书名: | ||
| 单 册: | ||
| 中图分类: | TM-44 , TN-44 | |
| 科图分类: | ||
| 主题词: | 电工技术--问答 , 电子技术--问答 | |
| 电子资源: | ||
| ISBN: | 7-5323-7395-9 | |
| 000 | 00797nam0 2200253 45 | |
| 001 | 012004000000 | |
| 005 | 20041027100819.58 | |
| 010 | @a7-5323-7395-9@dCNY 28.00 | |
| 100 | @a20040913d2004 em y0chiy0121 ea | |
| 101 | 0 | @achi |
| 102 | @aCN@b310000 | |
| 105 | @aa z 000yy | |
| 200 | 1 | @a实用电工与电子技术问答@Ashi yong dian gong yu dian zi ji shu wen da@f许宝发主编 |
| 210 | @a上海@c上海科学技术出版社@d2004.5 | |
| 215 | @a420页@c图@d19cm | |
| 320 | @a本书末含参考文献 | |
| 330 | @a本书共分十九章, 主要内容有: 电路元件, 电子器件, 集成电路元件, 电路的基本分析方法, 三相交流…… | |
| 606 | 0 | @a电工技术@x问答 |
| 606 | 0 | @a电子技术@x问答 |
| 690 | @aTM-44@v4 | |
| 690 | @aTN-44@v4 | |
| 701 | 0 | @a许宝发@Axu bao fa@4主编 |
| 801 | 0 | @aCN@bQSSKm@c20041027 |
| 905 | @a10447@dTM-44@eX850 | |
| 实用电工与电子技术问答/许宝发主编.-上海:上海科学技术出版社,2004.5 |
| 420页:图;19cm |
| ISBN 7-5323-7395-9:CNY 28.00 |
| 本书共分十九章, 主要内容有: 电路元件, 电子器件, 集成电路元件, 电路的基本分析方法, 三相交流…… |
| ● |
| 相关链接 |
|
|
|
正题名:实用电工与电子技术问答
索取号:TM-44/X850
 
预约/预借
| 序号 | 登录号 | 条形码 | 馆藏地/架位号 | 状态 | 备注 |
| 1 | 423272 | 204232721 | 自科库301/301自科库 3排3列5层/ [索取号:TM-44/X850] | 在馆 | |
| 2 | 423273 | 204232730 | 自科库301/301自科库 3排3列5层/ [索取号:TM-44/X850] | 在馆 | |
| 3 | 423274 | 204232749 | 自科二线404/301自科库 2排3列2层/ [索取号:TM-44/X850] | 在馆 |